000
00342nam a22001571a 4500
082
_a
H3
_b
CHI/B
100
_a
Chitra Mudgal
245
_a
Bhookh/
_c
by Chitra Mudgal
260
_a
Delhi:
_b
Jnan Ganga,
_c
2002.
300
_a
132p.
650
_a
Novel Hindi
650
_a
Literature Hindi
650
_a
Literature
942
_c
BK
942
_c
BK
999
_c
5394
_d
5394